Sexual selection

Saved in:
Bibliografiske detaljer
Hovedforfatter: Andersson, Malte (Author)
Format: Bog
Sprog:engelsk
Udgivet: Princeton Princeton University Press 1994
Serier:Monographs in Behavior and Ecology
Fag:
Tags: Tilføj Tag
Ingen Tags, Vær først til at tagge denne postø!

MARC

LEADER 00000cam a2200000 a 4500
001 UCF4173
003 CL-VaPUC
008 121122e19940000US |||||||||||||||||eng|d
020 |a 0691033447 
082 0 4 |a 591.562  |b AND  |2 21 
100 0 |a Andersson, Malte  |e author  |9 565770 
245 1 0 |a Sexual selection 
300 |a 599 p 
942 |c BK 
945 |d 20121122 00:00:00  |a dcastane 
260 |a Princeton  |b Princeton University Press  |c 1994 
650 7 |a SELECCION SEXUAL EN ANIMALES  |2 CL-VaPUC  |9 269767 
583 |a last modification  |c 20121122 14:17:00  |k Rodrigo Vera 
490 0 |a Monographs in Behavior and Ecology 
999 |c 350098  |d 350096 
952 |0 0  |1 0  |4 0  |6 591_562000000000000_AND_1994  |7 0  |8 A  |9 453133  |a BIBMAT  |b BIBMAT  |d 2019-11-22  |i 491810K  |o 591.562 AND 1994  |p 491810K  |r 2025-01-07  |w 2019-11-22  |y BK  |k MAT